| 000 | 00522nam a2200169 4500 | ||
|---|---|---|---|
| 003 | LK-CoMWRAF | ||
| 005 | 20240118143435.0 | ||
| 008 | 231214b |||||||| |||| 00| 0 eng d | ||
| 020 | _a9552022762 | ||
| 040 |
_aLK-CoMWRAF _dLK-CoMWRAF _eLK-CoMWRAF |
||
| 041 | _asin | ||
| 082 |
_a331.128 _bABE |
||
| 100 | _aඅබේවික්රම, ඩොරති | ||
| 245 | _aරැකියා අපේක්ෂකයන්ට අත්පොතක් | ||
| 246 | _aRakiya apekshaka yawwanayanta athpothak | ||
| 942 | _cBK | ||
| 999 |
_c4468 _d4468 |
||